书目信息 |
| 题名: |
世界摄影图鉴
|
|
| 作者: | 《世界摄影图鉴》编辑部编著 | |
| 分册: | ||
| 出版信息: | 西安 陕西师范大学出版社 2008 |
|
| 页数: | 495页 | |
| 开本: | 24cm | |
| 丛书名: | ||
| 单 册: | ||
| 中图分类: | J405.1 | |
| 科图分类: | ||
| 主题词: | 摄影艺术--鉴赏--世界 , 摄影艺术 | |
| 电子资源: | ||
| ISBN: | 978-7-5613-2832-3 | |
| 000 | 00795nam0 2200229 450 | |
| 001 | 1533170402 | |
| 005 | 20150130091327.56 | |
| 010 | @a978-7-5613-2832-3@dCNY88.00 | |
| 100 | @a20090115d2008 em y0chiy50 ea | |
| 101 | 0 | @achi |
| 102 | @aCN@b610000 | |
| 105 | @aa z 000yy | |
| 200 | 1 | @a世界摄影图鉴@9shi jie she ying tu jian@f《世界摄影图鉴》编辑部编著 |
| 210 | @a西安@c陕西师范大学出版社@d2008 | |
| 215 | @a495页@c图@d24cm | |
| 300 | @a大千图鉴 人文馆05 | |
| 330 | @a本书收录的447位伟大的摄影家们,在富有创意的心灵感触下,将世事沧桑与艺术经验凝练在瞬间的定格中,凝固了风云变幻的近现代史,记录着丰富的人类情感,书写和创造了新的趣味与价值。 | |
| 606 | 0 | @a摄影艺术@x鉴赏@y世界 |
| 606 | 0 | @a摄影艺术 |
| 690 | @aJ405.1@v5 | |
| 801 | 0 | @aCN@bTSSF@c20150130 |
| 905 | @aZUCC@dJ405.1@eJY45 | |
| 世界摄影图鉴/《世界摄影图鉴》编辑部编著.-西安:陕西师范大学出版社,2008 |
| 495页:图;24cm |
| 大千图鉴 人文馆05 |
| ISBN 978-7-5613-2832-3:CNY88.00 |
| 本书收录的447位伟大的摄影家们,在富有创意的心灵感触下,将世事沧桑与艺术经验凝练在瞬间的定格中,凝固了风云变幻的近现代史,记录着丰富的人类情感,书写和创造了新的趣味与价值。 |
| ● |
| 相关链接 |
|
|
|
|
正题名:世界摄影图鉴
索取号:J405.1/JY45
 
预约/预借
| 序号 | 登录号 | 条形码 | 馆藏地/架位号 | 状态 | 备注 |
| 1 | 7862254 | 278622545 | 学院路分馆/ [索取号:J405.1/JY45] | 在馆 |